Philosophers by Work - Statistics

General Stats
  • This quiz has been taken 240 times
  • The average score is 10 of 20
Answer Stats
Hint Answer % Correct
Theses on Feuerbach, Manifesto of the Communist Party, Das Kapital Karl Marx
90%
On the Heavens, Nicomachean Ethics, Poetics Aristotle
81%
Phaedo, Republic, Symposium Plato
77%
The Birth of Tragedy, Thus Spoke Zarathustra, On the Genealogy of Morality Friedrich Nietzsche
72%
Critique of Judgment, Groundwork of the Metaphysics of Morals, Prolegomena to Any Future Metaphysics Immanuel Kant
62%
Discourse on the Arts and Sciences, Emile or On Education, The Social Contract Jean-Jacques Rousseau
61%
Discourse on the Method, Meditations on First Philosophy René Descartes
58%
The Ethics of Ambiguity, The Second Sex Simone de Beauvoir
55%
The Origins of Totalitarianism, The Human Condition, Eichmann in Jerusalem Hannah Arendt
53%
Summa Theologiae, Summa Contra Gentiles Thomas Aquinas
51%
Either/Or, Fear and Trembling, The Concept of Anxiety Søren Kierkegaard
50%
Being and Time, Letter on Humanism, The Question Concerning Technology Martin Heidegger
46%
Tractatus Logico-Philosophicus, Philosophical Investigations, The Blue Book Ludwig Wittgenstein
43%
The World as Will and Representation, Parerga and Paralipomena Arthur Schopenhauer
42%
The Order of Things, Archaeology of Knowledge, The History of Sexuality Michel Foucault
38%
On the Improvement of the Understanding, Tractatus Theologico-Politicus, Ethics Baruch Spinoza
32%
Principia Mathematica, Unpopular Essays, On Denoting Bertrand Russell
32%
Monadology, Theodicy, New Essays on Human Understanding Gottfried Leibniz
31%
Anti-Oedipus, A Thousand Plateaus, What is Philosophy? Gilles Deleuze and Félix Guattari
19%
Theses on the Philosophy of History, The Work of Art in the Age of Mechanical Reproduction Walter Benjamin
14%
No matching quizzes found
Score Distribution
Percent of People with Each Score
Percentile by Number Answered
Your Score History
You have not taken this quiz